|
|
|
|
| LEADER |
00000cam a2200000 a 4500 |
| 001 |
vtls001092943 |
| 003 |
SK-MaSNL |
| 005 |
20260301062418.0 |
| 008 |
240226s1983 xo da frnp 000 0 slo |
| 015 |
|
|
|a SNBA1983
|
| 020 |
|
|
|q (viazané)
|
| 035 |
|
|
|a SNK000035785
|
| 035 |
|
|
|a 9B3DF828-E83B-4693-BAF7-22C682EF064B
|
| 035 |
|
|
|a urn:nbn:sk:snk-am00iirh
|
| 040 |
|
|
|a SNK
|b slo
|c SNK
|e AACR2
|
| 041 |
0 |
|
|a slo
|
| 044 |
|
|
|a xo
|c SK
|a xr
|c CZ
|
| 072 |
|
7 |
|a 539
|x Fyzikálna stavba hmoty. Jadrová fyzika. Molekulová fyzika
|2 konspekt
|
| 072 |
|
7 |
|a 37.016
|x Učebné osnovy. Vyučovacie predmety. Učebnice
|2 konspekt
|
| 080 |
|
|
|a 624.01/.07
|2 2011
|
| 080 |
|
|
|a 539.3
|2 2011
|
| 080 |
|
|
|a (075.8)
|2 2011
|
| 080 |
|
|
|a (076.5)
|2 2011
|
| 100 |
1 |
|
|a Lovíšek, Ján,
|d 1935-2021
|4 aut
|9 6900
|
| 245 |
1 |
0 |
|a Príklady z elementárnej pružnosti
|c Ján Lovíšek
|
| 250 |
|
|
|a 2. vyd.
|
| 260 |
|
|
|a Bratislava
|b Alfa
|a Praha
|b Státní nakladatelství technické literatury
|c 1983
|
| 300 |
|
|
|a 485 strán
|b grafy, ilustrácie
|c 24 cm
|
| 366 |
|
|
|e 3000 kusov
|
| 490 |
1 |
|
|a Edícia stavebníckej literatúry
|
| 504 |
|
|
|a Bibliografia na strane 485
|
| 650 |
0 |
7 |
|a stavebné konštrukcie
|2 SNKPH
|9 3695
|
| 650 |
0 |
7 |
|a pružnosť
|2 SNKPH
|9 1635
|
| 655 |
|
7 |
|a učebnice vysokých škôl
|2 SNKPH
|9 70191
|
| 655 |
|
7 |
|a praktické cvičenia
|2 SNKPH
|9 70517
|
| 830 |
|
0 |
|a Edícia stavebníckej literatúry
|9 268357
|
| 852 |
|
|
|a Slovenská národná knižnica
|
| 954 |
|
|
|a odborná, vedecká literatúra pôvodná (slovenská)
|2 lita
|
| 958 |
|
|
|a RK
|
| 958 |
|
|
|a TL
|
| 958 |
|
|
|a EUIPO
|
| 958 |
|
|
|a OND
|
| 958 |
|
|
|a UV
|
| 958 |
|
|
|a NB
|
| 999 |
|
|
|c 620556
|d 622486
|
| 952 |
|
|
|t P60, <04>, [BOOK], {604}
|a SNK
|b SNK
|y VYP
|7 0
|p 17A0030828
|o snkSC 59743 D1
|0 0
|1 0
|4 0
|d 1997-01-17
|l 0
|r 2004-12-31 00:00:00
|w 2026-02-23
|
| 952 |
|
|
|a SNK
|b SNK
|y PREZ
|7 0
|p 17A0900763
|o snkSC 59743
|i snkKSP 9066/83
|0 0
|1 0
|4 0
|d 2012-08-06
|f 1
|l 0
|r 2025-06-09 00:00:00
|w 2026-02-23
|